<?xml version="1.0" encoding="UTF-8"?>
<record
    xmlns:xsi="http://www.w3.org/2001/XMLSchema-instance"
    xsi:schemaLocation="http://www.loc.gov/MARC21/slim http://www.loc.gov/standards/marcxml/schema/MARC21slim.xsd"
    xmlns="http://www.loc.gov/MARC21/slim">

  <leader>00686nam a2200181 a 4500</leader>
  <controlfield tag="001">BRCA_2905</controlfield>
  <controlfield tag="005">20190320204025.0</controlfield>
  <controlfield tag="008">111208s1849----mx-a---###---#000-0#spa-#</controlfield>
  <datafield tag="050" ind1=" " ind2="4">
    <subfield code="a">HJ803</subfield>
    <subfield code="b">.P56 1849</subfield>
  </datafield>
  <datafield tag="100" ind1="1" ind2=" ">
    <subfield code="a">Pi&#xF1;a y Cuevas, Manuel</subfield>
    <subfield code="9">8085</subfield>
  </datafield>
  <datafield tag="245" ind1="1" ind2="0">
    <subfield code="a">Exposici&#xF3;n del Exmo. Sr. Ministro de Hacienda al Congreso, dando cuenta del decreto de 6 de octubre ultimo, sobre dotaci&#xF3;n del fondo municipal de la capital, leida en la camara de diputados el dia 19 de enero de 1849</subfield>
    <subfield code="c">Manuel Pi&#xF1;a y Cuevas.</subfield>
  </datafield>
  <datafield tag="260" ind1=" " ind2=" ">
    <subfield code="a">M&#xE9;xico</subfield>
    <subfield code="b">Vicente Garcia Torres</subfield>
    <subfield code="c">1849</subfield>
  </datafield>
  <datafield tag="300" ind1=" " ind2=" ">
    <subfield code="a">46 p.</subfield>
    <subfield code="b">il.</subfield>
    <subfield code="c">25 cm.</subfield>
  </datafield>
  <datafield tag="500" ind1=" " ind2=" ">
    <subfield code="a">B38</subfield>
  </datafield>
  <datafield tag="650" ind1="1" ind2="4">
    <subfield code="a">Finanzas p&#xFA;blicas</subfield>
    <subfield code="9">8086</subfield>
  </datafield>
  <datafield tag="902" ind1=" " ind2=" ">
    <subfield code="a">GFM</subfield>
  </datafield>
  <datafield tag="942" ind1=" " ind2=" ">
    <subfield code="2">lcc</subfield>
    <subfield code="c">B</subfield>
  </datafield>
  <datafield tag="999" ind1=" " ind2=" ">
    <subfield code="c">2644</subfield>
    <subfield code="d">2644</subfield>
  </datafield>
  <datafield tag="952" ind1=" " ind2=" ">
    <subfield code="0">0</subfield>
    <subfield code="1">0</subfield>
    <subfield code="4">0</subfield>
    <subfield code="7">0</subfield>
    <subfield code="a">BRCA</subfield>
    <subfield code="b">BRCA</subfield>
    <subfield code="d">2008-12-11</subfield>
    <subfield code="i">B38</subfield>
    <subfield code="l">0</subfield>
    <subfield code="o">HJ803 .P56 1849 (B38)</subfield>
    <subfield code="p">2902</subfield>
    <subfield code="r">2019-03-22 00:00:00</subfield>
    <subfield code="w">2019-03-22</subfield>
    <subfield code="y">B</subfield>
  </datafield>
</record>
